Cambios en la investigación y acción en desarrollo rural y medio ambiente /
En este trabajo se procuró rescatar las acciones de investigación y acción que incursionan en senderos de reconstrucción de las relaciones humanas con el medio ambiente y sus procesos, bajo una axiología integradora de valores que constituyen las relaciones, basada en una nueva ética y solidaridad p...
Պահպանված է:
| Հիմնական հեղինակ: | |
|---|---|
| Ձևաչափ: | Տեքստ |
| Խորագրեր: | |
| Ցուցիչներ: |
Ավելացրեք ցուցիչ
Չկան պիտակներ, Եղեք առաջինը, ով նշում է այս գրառումը!
|
MARC
| LEADER | 00000 a a2200000 04500 | ||
|---|---|---|---|
| 001 | 12607 | ||
| 003 | |||
| 040 | |||
| 100 | |a Leal Rodríguez, Deborah | ||
| 245 | |a Cambios en la investigación y acción en desarrollo rural y medio ambiente / |c Deborah Leal Rodríguez | ||
| 520 | |a En este trabajo se procuró rescatar las acciones de investigación y acción que incursionan en senderos de reconstrucción de las relaciones humanas con el medio ambiente y sus procesos, bajo una axiología integradora de valores que constituyen las relaciones, basada en una nueva ética y solidaridad para repensar las formas de ver las cosas, formular preguntas relevantes y buscar la lectura apropiada de las respuestas desde su complejidad. Esto involucra cambios en el pensar de los actores del desarrollo: técnicos, técnicas, agricultores, agricultoras y sociedad en general, los cuales se encuentran en la urgencia de: 1) aprender a ser |a 2) aprender a pensar haciéndolo comunitariamente |a 3) aprender a aprender |a 4) aprender a desaprender y a reaprender y 5) aprender a emprender. La evaluación retrospectiva de dos investigaciones en desarrollo rural: una sobre la introducción de cambios en el manejo de animales menores en huertos caseros y otra sobre reforestación en tacotales, ejemplifican intentos de realizar un diálogo paralelo entre el medio ambiente y las necesidades alimentarias de las poblaciones indígenas | ||
| 650 | |a COMUNIDADES RURALES | ||
| 650 | |a DESARROLLO SOSTENIBLE | ||
| 650 | |a AGRICULTURA SOSTENIBLE | ||
| 650 | |a PROTECCION AMBIENTAL | ||
| 650 | |a PARTICIPACION COMUNITARIA | ||
| 650 | |a INVESTIGACION AGRICOLA | ||
| 650 | |a INVESTIGACION PARTICIPATIVA | ||
| 650 | |a INVESTIGACION INTERDISCIPLINARIA | ||
| 650 | |a VALORES SOCIALES | ||
| 650 | |a METODOLOGIA | ||
| 773 | |g volumen 5, número 2 (10); páginas 9-30 | ||
| 999 | |c 37616 |d 37616 | ||
